Introduction to system analysis (Record no. 7291)

000 -LEADER
fixed length control field 00582nam a2200217 a 4500
001 - CONTROL NUMBER
control field 7291
003 - CONTROL NUMBER IDENTIFIER
control field BD-DhUET
008 - FIXED-LENGTH DATA ELEMENTS--GENERAL INFORMATION
fixed length control field 840426s1985 nyua b 001 0 eng
020 ## - INTERNATIONAL STANDARD BOOK NUMBER
International Standard Book Number 0070233918
040 ## - CATALOGING SOURCE
Original cataloging agency DLC
Transcribing agency DLC
Modifying agency BD-DhUET
082 00 - DEWEY DECIMAL CLASSIFICATION NUMBER
Classification number 623.192
Item number GLI/1985
100 1# - MAIN ENTRY--PERSONAL NAME
Personal name Glisson, T. H.
245 10 - TITLE STATEMENT
Title Introduction to system analysis
Statement of responsibility, etc. by T.H. Glisson
250 ## - EDITION STATEMENT
Edition statement 1st ed.
260 ## - PUBLICATION, DISTRIBUTION, ETC. (IMPRINT)
Place of publication, distribution, etc. New York
Name of publisher, distributor, etc. McGraw-Hill
Date of publication, distribution, etc. 1985
300 ## - PHYSICAL DESCRIPTION
Extent xv, 700 p.
Other physical details ill.
Dimensions 24 cm.
504 ## - BIBLIOGRAPHY, ETC. NOTE
Bibliography, etc Includes bibliographies
650 #0 - SUBJECT ADDED ENTRY--TOPICAL TERM
Topical term or geographic name as entry element Electric network analysis
650 #0 - SUBJECT ADDED ENTRY--TOPICAL TERM
Topical term or geographic name as entry element System analysis
942 ## - ADDED ENTRY ELEMENTS (KOHA)
Koha item type General Book
Holdings
Location (home branch) Not for loan Source of classification or shelving scheme Koha full call number Koha item type Withdrawn status Koha issues (times borrowed) Price effective from Date acquired Koha date last borrowed Lost status Koha normalized classification for sorting Koha date last seen Sublocation or collection (holding branch) Shelving location Piece designation (barcode) Copy number Damaged status
Central Library, BUET  623.192/GLI/1985General Book  2014-12-082014-12-08  623_192000000000000_GLI_19852014-12-08Central Library, BUETCirculation section798161 
Central Library, BUET  623.192/GLI/1985General Book  2014-12-082014-12-08  623_192000000000000_GLI_19852014-12-08Central Library, BUETCirculation section785402 
Central Library, BUET  623.192/GLI/1985General Book  2014-12-082014-12-08  623_192000000000000_GLI_19852014-12-08Central Library, BUETCirculation section798193 
Central Library, BUET  623.192/GLI/1985General Book  2014-12-082014-12-08  623_192000000000000_GLI_19852014-12-08Central Library, BUETCirculation section785274 
Central Library, BUET  623.192/GLI/1985General Book  2014-12-082014-12-08  623_192000000000000_GLI_19852014-12-08Central Library, BUETCirculation section768895 
Central Library, BUET  623.192/GLI/1985General Book 12014-12-082014-12-082023-11-14 623_192000000000000_GLI_19852023-11-14Central Library, BUETCirculation section768886 
Central Library, BUET  623.192/GLI/1985General Book  2014-12-082014-12-08  623_192000000000000_GLI_19852014-12-08Central Library, BUETCirculation section798207 
Central Library, BUET  623.192/GLI/1985General Book  2014-12-082014-12-08  623_192000000000000_GLI_19852014-12-08Central Library, BUETCirculation section798188 
Central Library, BUET  623.192/GLI/1985General Book  2014-12-082014-12-08  623_192000000000000_GLI_19852014-12-08Central Library, BUETCirculation section798179